000 00794nam a22002777a 4500
003 OSt
005 20210423064157.0
008 210217s1993 ||||| |||| 00| 0 eng d
020 _a5870870011
040 _aeng
_beng
_cDLC
041 _aeng
080 _a008
_bM-96
100 _9936
_aMurrell, Berton. Kathleen
245 _aMoscow / History, Art and Architecture
_c/ by: Troika
260 _bTroika
_c1993
300 _a144 p.
_bill.
650 0 _9494
_aRussian Culture
650 0 _9493
_aCulture
653 _aკულტურა
653 _aრუსული კულტურა
700 _9937
_aLuppi, Andrea
_ePhotography
700 _9939
_aPohl, Otto
_ePhotography
700 _9940
_aAleksic, Gane
_eDesign
700 _9941
_aPhillips, Madge
_eEditor
942 _2udc
_cBK
999 _c1500
_d1500